| 000 | 00626nam a2200241Ia 4500 | ||
|---|---|---|---|
| 001 | 18386 | ||
| 005 | 20240113235843.0 | ||
| 007 | ta | ||
| 008 | 060118s1963 g b000 u 465 u | ||
| 040 | _aCotton College,Assam | ||
| 041 | _a465 | ||
| 082 |
_a572.954 _bG 346 Sc |
||
| 100 | _aGhurye, G.S. . | ||
| 245 | 0 |
_aThe Scheduled Tribes / _cG.S. Ghurye. _hTextual Documents |
|
| 250 | _a3rd ed. / | ||
| 260 |
_aBombay : _bG.R. Bhatkal , _c1963. |
||
| 300 |
_axiii,494p. ; _c22cm. |
||
| 653 | _aAnthropology | ||
| 653 | _aScheduled Tribes-India | ||
| 942 |
_2ddc _cBK |
||
| 999 |
_c18368 _d18368 |
||